| 000 | 01704cam a22004697a 4500 | ||
|---|---|---|---|
| 001 | 000092900 | ||
| 003 | CHAP | ||
| 005 | 20220817044000.0 | ||
| 008 | 050121d2004 mx r 00110 spa d | ||
| 010 | _a89366 | ||
| 011 | _a90338 | ||
| 035 | _a100894 | ||
| 040 | _cCHAP | ||
| 090 | _aTesis | ||
| 100 | 0 | 0 |
_aDávila Zetina, Porfirio. _933129 |
| 245 | 1 | 0 |
_aPrincipales características de la porcicultura mexicana / _c/por Porfirio Dávila Zetina y Gildardo López Jiménez. |
| 260 |
_aChapingo, Méx. : _bEl autor, _c2004. |
||
| 300 |
_a114 h. : _bgráfs. |
||
| 502 | _aTesis (Ing. Agr. Esp. en Zootecnia) - - UACH. Departamento de Zootecnia | ||
| 590 |
_aALEPH _b10 _c20130110 _lUCH01 _h1503 |
||
| 590 |
_aBATCH-UPD _b10 _c20130110 _lUCH01 _h0533 |
||
| 590 |
_aBATCH-UPD _b10 _c20130110 _lUCH01 _h2216 |
||
| 590 |
_aBATCH-UPD _b10 _c20130410 _lUCH01 _h0213 |
||
| 590 |
_aBATCH-UPD _b10 _c20130914 _lUCH01 _h1211 |
||
| 590 |
_aBATCH-UPD _b10 _c20140324 _lUCH01 _h1448 |
||
| 590 |
_aBATCH-UPD _b10 _c20141002 _lUCH01 _h0824 |
||
| 590 |
_aCONVERSION _b10 _c20130109 _lUCH01 _h1349 |
||
| 590 |
_aE792CSJ _b10 _c20130621 _lUCH01 _h1126 |
||
| 650 | 1 | 4 |
_aGanado porcino _xCría de. _945350 |
| 650 | 1 | 4 |
_aGanado porcino _xExportación. _945368 |
| 650 | 1 | 4 |
_aGanado porcino _xMercadeo. _945383 |
| 650 | 1 | 4 |
_aGanado porcino _xProducción. _945399 |
| 650 | 1 | 4 |
_aPolítica ganadera _zMéxico. |
| 700 | 0 |
_aLópez Jiménez, Gildardo. _968000 |
|
| 856 |
_3Finding aid _uhttp://10.13.5.2/tesis/100894.pdf _zTeclea aquí |
||
| 901 | _aBK | ||
| 905 | _aLilia | ||
| 942 | _cCD | ||
| 942 | _n0 | ||
| 949 |
_aTesis _bBC _cTES _d100894 _eTS1 _h43243 _i100894 _sb |
||
| 949 |
_aTesis _bBC _cTES _d33724000932141 _eTS2 _fc.2 _h43244 _i100894 _si |
||
| 999 |
_c89366 _d89366 |
||